000 00414 a2200109 4500
005 20260327154458.0
100 _aKhole V.
_9217343
245 _aआधुनिक महाराष्ट्राची जडणघडण शिल्पकार चरित्रकोश खंड ११: नाट्यकोश
250 _a1st
260 _bSaptahik Vivek Hindusthan Prakashan Samstha
_c2024
942 _cAR
999 _c370800
_d370800